JR Keihin-Tohoku/Negishi Line Stations, Tokyo, Japan - Statistics

General Stats
  • This quiz has been taken 401 times
    295 since last reset
  • The average score is 34 of 47
Answer Stats
Station No. Station % Correct
JK 26 Tokyo
95%
JK 47 Omiya
94%
JK 20 Shinagawa
92%
JK 12 Yokohama
92%
JK 30 Ueno
91%
JK 28 Akihabara
89%
JK 27 Kanda
88%
JK 32 Nippori
87%
JK 25 Yurakucho
87%
JK 23 Hamamatsucho
84%
JK 33 Nishi Nippori
84%
JK 16 Kawasaki
83%
JK 21 Takanawa Gateway
83%
JK 24 Shimbashi
82%
JK 38 Akabane
81%
JK 22 Tamachi
81%
JK 01 Ofuna
80%
JK 43 Urawa
80%
JK 29 Okachimachi
79%
JK 34 Tabata
77%
JK 11 Sakuragicho
76%
JK 17 Kamata
75%
JK 42 Minami Urawa
74%
JK 31 Uguisudani
74%
JK 19 Oimachi
72%
JK 13 Higashi Kanagawa
69%
JK 46 Saitama Shintoshin
69%
JK 36 Oji
68%
JK 18 Omori
68%
JK 44 Kita Urawa
67%
JK 15 Tsurumi
67%
JK 39 Kawaguchi
65%
JK 07 Negishi
65%
JK 41 Warabi
62%
JK 06 Isogo
59%
JK 37 Higashi Jujo
58%
JK 40 Nishi Kawaguchi
58%
JK 10 Kannai
57%
JK 45 Yono
57%
JK 14 Shin Koyasu
56%
JK 35 Kami Nakazato
54%
JK 03 Konandai
52%
JK 09 Ishikawacho
51%
JK 05 Shin Sugita
50%
JK 08 Yamate
50%
JK 04 Yokodai
49%
JK 02 Hongodai
46%
No matching quizzes found
Score Distribution
Percent of People with Each Score
Percentile by Number Answered
Your Score History
You have not taken this quiz since the last reset